Central Library and Information Centre
Sibsagar Girls' College, Sivasagar : Assam

OBSCURE RELIOUS CULTS (Record no. 4587)

MARC details
000 -LEADER
fixed length control field 00290cam a2200133ua 4500
008 - FIXED-LENGTH DATA ELEMENTS--GENERAL INFORMATION
fixed length control field 120523n II |||gr||||Z||||||eng
040 ## - CATALOGING SOURCE
Original cataloging agency MAIN
041 ## - LANGUAGE CODE
-- English
082 ## - DEWEY DECIMAL CLASSIFICATION NUMBER
Classification number ??? GUP
100 ## - MAIN ENTRY--PERSONAL NAME
Personal name GUPTA , SHASHI BHUSAN DAS.
245 ## - TITLE STATEMENT
Title OBSCURE RELIOUS CULTS
942 ## - ADDED ENTRY ELEMENTS (KOHA)
Koha item type Books
Holdings
Withdrawn status Lost status Damaged status Not for loan Collection code Home library Current library Shelving location Date acquired Full call number Barcode Date last seen Copy number Price effective from Koha item type
        REFHIS Central Library and Information Centre Sibsagar Girls College Central Library and Information Centre Sibsagar Girls College Location Not Found 15.05.1975 ??? GUP 04365 27.02.2020 1 27.02.2020 Books


Sibsagar Girl's College © 2020. All rights reserved.
Powered by Koha.
Maintained by Abhijit Borpuzari.